How do you spell unfair? : MacNolia Cox and the ... Read More
Available copies
- 3 of 3 copies available at LARL/NWRL Consortium.
- 2 of 2 copies available at Lake Agassiz Regional Library. (Show preferred library)
Current holds
0 current holds with 3 total copies.
Show All Copies
| Location | Call Number / Copy Notes | Barcode | Shelving Location | Status | Due Date |
|---|---|---|---|---|---|
| Detroit Lakes Public Library | J 305.896 WEA (Text) | 33500013790100 | Main | Available | - |
| Fosston Public Library | J 305.896 WEA (Text) | 33500013790092 | Main | Available | - |
| Thief River Falls Public Library | j 305.896 WEA (Text) | 35500006766693 | Main | Available | - |
Record details
- ISBN: 9781536215540
- ISBN: 1536215546
- Physical Description: 1 volume (unpaged) : color illustrations ; 29 cm
- Edition: First edition.
- Publisher: Somerville, Massachusetts : Candlewick Press, 2023.
- Copyright: ©2023
Content descriptions
| Bibliography, etc. Note: | Includes bibliographical references. |
| Summary, etc.: | A true story of determination and groundbreaking ... Read More |
Search for related items by subject
| Genre: | Biographies. Picture books. |
| LDR | 02534cam a2200577 i 4500 | ||
|---|---|---|---|
| 001 | 408029 | ||
| 003 | LARL_NWRL_CONSORTIUM | ||
| 005 | 20230515152304.0 | ||
| 008 | 230330t20232023maua b b 000 0beng d | ||
| 010 | . | ‡a 2022908641 | |
| 040 | . | ‡aFMG ‡beng ‡erda ‡cFMG ‡dJCX ‡dOJ4 ‡dYDX ‡dRNL ‡dVIA ‡dBKL ‡dUAP ‡dSDG ‡dCHILD | |
| 019 | . | ‡a1336888906 | |
| 020 | . | ‡a9781536215540 ‡q(library binding) | |
| 020 | . | ‡a1536215546 ‡q(library binding) | |
| 035 | . | ‡a(OCoLC)1374247573 ‡z(OCoLC)1336888906 | |
| 082 | 0 | 4. | ‡a305.896/073 ‡aB ‡223/eng/20230322 |
| 100 | 1 | . | ‡aWeatherford, Carole Boston, ‡d1956- ‡eauthor. ‡0(LARL_NWRL_CONSORTIUM)115065 |
| 245 | 1 | 0. | ‡aHow do you spell unfair? : ‡bMacNolia Cox and the National Spelling Bee / ‡cCarole Boston Weatherford ; illustrated by Frank Morrison. |
| 250 | . | ‡aFirst edition. | |
| 264 | 1. | ‡aSomerville, Massachusetts : ‡bCandlewick Press, ‡c2023. | |
| 264 | 4. | ‡c©2023 | |
| 300 | . | ‡a1 volume (unpaged) : ‡bcolor illustrations ; ‡c29 cm | |
| 336 | . | ‡atext ‡btxt ‡2rdacontent | |
| 336 | . | ‡astill image ‡bsti ‡2rdacontent | |
| 337 | . | ‡aunmediated ‡bn ‡2rdamedia | |
| 338 | . | ‡avolume ‡bnc ‡2rdacarrier | |
| 504 | . | ‡aIncludes bibliographical references. | |
| 520 | . | ‡aA true story of determination and groundbreaking achievement follows eighth grade African American spelling champion MacNolia Cox, who left Akron, Ohio, in 1936 to compete in the prestigious National Spelling Bee in Washington, D.C., only to be met with prejudice and discrimination. | |
| 600 | 1 | 0. | ‡aCox, MacNolia ‡vJuvenile literature. |
| 650 | 0. | ‡aAfrican American students ‡vBiography ‡vJuvenile literature. | |
| 650 | 0. | ‡aAfrican American girls ‡vBiography ‡vJuvenile literature. | |
| 611 | 2 | 0. | ‡aNational Spelling Bee ‡vJuvenile literature. |
| 650 | 0. | ‡aSpelling bees ‡zUnited States ‡vJuvenile literature. | |
| 650 | 0. | ‡aRace discrimination ‡zUnited States ‡vJuvenile literature. | |
| 650 | 0. | ‡aRacism against Black people ‡zUnited States ‡vJuvenile literature. | |
| 600 | 1 | 1. | ‡aCox, MacNolia. |
| 650 | 1. | ‡aAfrican American students. ‡0(LARL_NWRL_CONSORTIUM)13016 | |
| 611 | 2 | 1. | ‡aNational Spelling Bee. |
| 650 | 1. | ‡aSpelling bees. ‡0(LARL_NWRL_CONSORTIUM)177524 | |
| 650 | 1. | ‡aRace discrimination. ‡0(LARL_NWRL_CONSORTIUM)29260 | |
| 650 | 1. | ‡aAfrican Americans ‡vBiography. ‡0(LARL_NWRL_CONSORTIUM)163085 | |
| 650 | 1. | ‡aWomen ‡vBiography. ‡0(LARL_NWRL_CONSORTIUM)34555 | |
| 655 | 7. | ‡aBiographies. ‡2lcgft | |
| 655 | 7. | ‡aPicture books. ‡2lcgft | |
| 700 | 1 | . | ‡aMorrison, Frank, ‡d1971- ‡eillustrator. ‡0(LARL_NWRL_CONSORTIUM)189796 |
| 901 | . | ‡a408029 ‡bOCoLC ‡c408029 ‡tbiblio ‡soclc | |

Add to basket
Permalink
Disable Highlighting